| 000 | 00957nam a2200313Ia 4500 | ||
|---|---|---|---|
| 003 | OSt | ||
| 005 | 20221007124519.0 | ||
| 006 | a|||||r|||| 00| 0 | ||
| 007 | ta | ||
| 008 | 221006b |||||||| |||| 00| 0 eng d | ||
| 020 | _a9788131500521 (pbk) | ||
| 024 | _a189938 | ||
| 037 |
_b280, 24/03/2014, N R Book Distributors _cTextual |
||
| 040 |
_aCDL _cCDL _beng |
||
| 041 |
_2eng _aeng |
||
| 082 | _aC21, L6-;1 Carc | ||
| 100 |
_aAshcroft Neil W _9474886 |
||
| 245 | 0 |
_aSolid state physics _b Mermin N David |
|
| 260 |
_aAndover _bCengage _c1976 |
||
| 300 |
_axxi; 826p. _ccm. |
||
| 500 | _aIndex 799-826p. | ||
| 650 | _a Crystal lattices | ||
| 650 | _a Solid state physics | ||
| 650 | _a Surface effects | ||
| 650 | _aChemistry | ||
| 700 |
_a Mermin N David _9474887 |
||
| 942 |
_hC21, L6-;1 Carc _cTEXL _2CC |
||
| 999 |
_c1213647 _d1213647 |
||